¿Qué es una cooperativa de autogestión?

Uloženo v:
Podrobná bibliografie
Hlavní autor: Granados Sánchez, Carlos Francisco
Médium: Text
Vydáno: Heredia: CEDAL. CAAS. Fundación Friedrich Ebert
Témata:
Tagy: Přidat tag
Žádné tagy, Buďte první, kdo vytvoří štítek k tomuto záznamu!

MARC

LEADER 00000 a a2200000 04500
001 18181
003
040
020 |a 9977-956-07-3  
022 |a 9977-956-07-3  
090 |a 017100  
100 |a Granados Sánchez, Carlos Francisco  
245 |a ¿Qué es una cooperativa de autogestión?  
260 |a Heredia:   |b CEDAL. CAAS. Fundación Friedrich Ebert  
300 |a 41 p.  
650 |a MOVIMIENTOS COOPERATIVOS  
650 |a COOPERATIVAS  
650 |a LEGISLACION  
650 |a AUTOGESTION DE TRABAJADORES  
650 |a MARCO INSTITUCIONAL  
999 |c 14013  |d 14013